00600nam a2200193Ia 4500003000900000008004100009020001800050040001600068080001800084245012000102250001200222260004800234300001000282650004100292650002000333650001000353700002200363700002100385IN-BaIIA211028s9999 xx 000 0 eng d a0-521-36360-8 cIIA Library a084.8:52bTHE 4aThe Cambridge atlas of astronomycedited by Jean Audouze and Guy Israel  a2nd ed. aCambridgebCambridge University Pressc1988 a431p. aAstronomy and Astrophysics Thesaurus aAstronomy atlas aAtlas aAudouze, Jean ed. aIsrael, Guy, ed.